| 000 | 00368nam a2200145Ia 4500 | ||
|---|---|---|---|
| 008 | 230917s9999||||xx |||||||||||||| ||und|| | ||
| 040 |
_e72709 _aMAIN |
||
| 041 | _aEnglish | ||
| 082 | _a658 C767C | ||
| 100 | _aSikidar, Sujit, ed. | ||
| 245 | 0 | _aContemporary issues in modern management | |
| 260 |
_aNew Delhi _bKanishka _c1998 |
||
| 300 | _ax, 255 p. | ||
| 942 | _cBK | ||
| 999 |
_c101756 _d101756 |
||